• 首页
  • 本馆介绍
  • 公告通知
  • 最新文献
  • 馆藏检索
  • 电子资源
  • 读者导购
  • 参考咨询
  • 我的图书馆
  • 登录
  • 详细信息显示
  • 放入我的书架
  • 预约/预借图书
  • 作者相关作品
  • 分类相关作品
  • 丛书相关作品
  • 出版社相关作品

书目信息

  • 表格格式
  • 工作单格式
  • 卡片格式
题名:
劲草
    
 
作者: 薛来武 著
分册:  
出版信息: 石家庄   河北人民出版社  1982
页数: 240页
开本: 19cm
丛书名:
单 册:
中图分类: I287.45 , I247.5
科图分类:
主题词: 儿童文学-长篇小说--中国--现代 , 长篇小说-儿童文学--中国--现代 , 小说--中国
电子资源:
ISBN:
000 00658nam0 2200253 45
001 1572076404
005 20150128110738.70
010    @dCNY0.63
091    @aCN@bR10086.599
100    @a19950323d1982 demy0chiy0121 ea
101 0  @achi
102    @aCN@b130000
105    @ay z 000ay
200 10 @a劲草@Ajin cao@f薛来武著
210    @a石家庄@c河北人民出版社@d1982
215    @a240页@d19cm
606    @a儿童文学-长篇小说@y中国@z现代
606    @a长篇小说-儿童文学@y中国@z现代
606 0  @a小说@x中国
690    @aI287.45@v3
690    @aI247.5@v4
701  0 @a薛来武@Axue lai wu@4著
801  0 @aCN@bTSSF@c20150128
905    @aZUCC@dI247.5@eJY46
    
    劲草/薛来武著.-石家庄:河北人民出版社,1982
    240页;19cm
    
    
    ISBN :CNY0.63
    
●
相关链接 在E读中查询图书 在五车中查询图书 在当当中查询图书 在豆瓣中查询图书


正题名:劲草     索取号:I247.5/JY46         预约/预借

序号 登录号 条形码 馆藏地/架位号 状态 备注
1 7843118   278431181   学院路分馆/ [索取号:I247.5/JY46] 在馆    
2 7843119   278431190   学院路分馆/ [索取号:I247.5/JY46] 在馆    
3 7843120   278431207   学院路分馆/ [索取号:I247.5/JY46] 在馆    
唐山师范学院图书馆 欢迎您!
大连网信软件有限公司© 版权所有